| 000 | 00512nam a2200169 i 4500 | ||
|---|---|---|---|
| 001 | 77492 | ||
| 003 | ES-MaACL | ||
| 005 | 20230906173235.0 | ||
| 007 | t| | ||
| 008 | 041019m19501960sp ||||1| spa d | ||
| 100 | 1 |
_aD'Antin Sutherland, Carolina. _942353 |
|
| 245 | 1 | 0 |
_aApenas una huella _b: poema en prosa / _cCarolina D'Antin Sutherland ; dibujos de Donato Laso. |
| 260 |
_a[S.l. : _bs.n., _c195-?] |
||
| 300 |
_a39 p. ; _c22 cm. |
||
| 700 | 1 |
_aLaso, Donato. _970451 |
|
| 852 |
_aES-MaACL _j1996-F-19 _bR.39830 |
||
| 999 |
_c77492 _d77492 |
||